El arte de amar

Spremljeno u:
Bibliografski detalji
Glavni autor: Ovidio Nasón, Publio (autor)
Format: Knjiga
Jezik:španjolski
Izdano: Madrid Mediterráneo 1973
Izdanje:3a. ed
Teme:
Oznake: Dodaj oznaku
Bez oznaka, Budi prvi tko označuje ovaj zapis!

MARC

LEADER 00000nam a2200000 a 4500
001 UCQ7206
003 CL-VaPUC
008 981031e19730000SP |||||||||||||||||spa|d
082 0 4 |a 871  |b OVI  |2 21 
100 |a Ovidio Nasón, Publio  |e autor  |9 371738 
245 1 3 |a El arte de amar 
250 |a 3a. ed 
300 |a 152 p 
942 |c BK 
945 |d 19981031 00:00:00  |a crobeson 
260 |a Madrid  |b Mediterráneo  |c 1973 
650 7 |a POESIAS LATINAS  |2 CL-VaPUC  |9 421076 
583 |a last modification  |c 20120618 11:00:21  |k Rodrigo Vera 
999 |c 276963  |d 276961 
952 |0 0  |1 0  |4 0  |6 871_000000000000000_OVI_1973  |7 0  |8 A  |9 314603  |a BIBEDU  |b BIBEDU  |d 2019-11-20  |i 1487582  |o 871 OVI 1973  |p 1487582  |r 2019-11-20  |w 2019-11-20  |y BK  |k LIT